Trách nhiệm pháp lý trong pháp luật bảo vệ môi trường ở Việt Nam

Trình bày một số vấn đề về cơ sở lý luận của trách nhiệm pháp lý trong pháp luật bảo vệ môi trường. Thực trạng môi trường và trách nhiệm pháp lý trong bảo vệ môi trường. Một số giải pháp để hoàn thiện vấn đề trách nhiệm pháp ly...

وصف كامل

محفوظ في:
التفاصيل البيبلوغرافية
المؤلف الرئيسي: Nguyễn, Thị Tố Uyên
التنسيق: كتاب
اللغة:Undetermined
منشور في: Hà Nội Chính trị Quốc gia 2014
الموضوعات:
الوسوم: إضافة وسم
لا توجد وسوم, كن أول من يضع وسما على هذه التسجيلة!
Thư viện lưu trữ: Trung tâm Học liệu Trường Đại học Cần Thơ
LEADER 01151nam a2200217Ia 4500
001 CTU_199775
008 210402s9999 xx 000 0 und d
020 |c 33000 
082 |a 344.597046 
082 |b U527 
100 |a Nguyễn, Thị Tố Uyên 
245 0 |a Trách nhiệm pháp lý trong pháp luật bảo vệ môi trường ở Việt Nam 
245 0 |c Nguyễn Thị Tố Uyên 
260 |a Hà Nội 
260 |b Chính trị Quốc gia 
260 |c 2014 
520 |a Trình bày một số vấn đề về cơ sở lý luận của trách nhiệm pháp lý trong pháp luật bảo vệ môi trường. Thực trạng môi trường và trách nhiệm pháp lý trong bảo vệ môi trường. Một số giải pháp để hoàn thiện vấn đề trách nhiệm pháp lý trong pháp luật bảo vệ môi trường ở Việt Nam 
650 |a Environmental law,Luật môi trường 
650 |z Vietnam,Việt Nam 
904 |i Hải 
980 |a Trung tâm Học liệu Trường Đại học Cần Thơ